000 00593nam a2200217Ia 4500
003 OSt
005 20230429122505.0
008 210423s2017 xx 000 0 und d
020 _a978-0-07-107822-1
040 _cAL
041 _aeng
082 _a332.63221
_223
_bCHAC
100 _aCHANDRA (Prasanna)
_995275
245 _aCorporate valuation and value creation
260 _aChennai
_bMcGrawhill Education
_c2017
300 _axix,529
_bPB
365 _b775
_cINR
650 _aInvestment Management
_995276
906 _aCorporate ; creation ; valuation ; value
942 _2ddc
_cBK
999 _c170485
_d170485